000 00701nam a2200265Ia 4500
005 20250425162131.0
008 250425s9999 xx 000 0 und d
041 _aspa
082 _a639.4
100 _aHERNANDEZ R., ARMANDO
245 0 _aCULTIVO DE MOLUSCOS EN AMERICA LATINA
250 _a1A ED.
260 _aBOGOTA
260 _aColombia
_bCENTRO INTERNACIONAL DE INVESTIGACIONES PARA EL DESARROLLO
_c1990
300 _a405
500 _aMEMORIAS SEGUNDA REUNION GRUPO DE TRABAJO TECNICO. NVBRE 7-11, 1989
650 _aMOLUSCOS
650 _aMOLUSCOS
650 _aOSTIONES
650 _aOSTIONES
650 _aOSTRAS
650 _aOSTRAS
942 _c01
010 _a51998
999 _c222990
_d222990